000
00382nam a2200169Ia 4500
008
220531s9999 xx 000 0 und d
041
_a
eng
082
_b
LAL
100
_a
Lall, Ramji
_9
47813
245
_a
Structure Named Desire
260
_b
Aarati
_c
2002
300
_a
312
542
_d
22-04-2002
650
_a
English
_9
47814
906
_d
2002-2003
999
_c
28028
_d
28028